000 02016cam a2200337 a 4500
005 20031230185550.0
010 _aENG-101585 B-427806-810
020 _a9788125039471
_c195.00
035 _aEN-85118 B-427806-810
037 _bDBAD/PUB
037 _bAllied
082 _a292.13
100 1 _aBurn, Lucilla
_931526
245 1 0 _aGreek myths /
_cby Lucilla Burn
260 _aNew Delhi
_bOrient Blackswan
_c2010
270 _a1/24 Asaf Ali Road
_bNew Delhi
_e110002
300 _a80p.:
_c25cm (pbk)
_bill, maps
490 _aThe legendry past
_931527
500 _aIncludes index
700 _922431
856 4 2 _uhttp://www.loc.gov/catdir/description/texas041/93060588.html
856 4 1 _uhttp://www.loc.gov/catdir/toc/texas041/93060588.html
942 _2ddc
_cEN
_mBUR
_h292.13
999 _c48008
_d48008